000
00415nam a2200145Ia 4500
008
100122s9999 xx 000 0 und d
082
_b
47536
_a
636.7
100
_a
देवरे प्र अ
245
_a
सखासोबती
260
_b
उत्कर्ष प्रकाशन
_c
1992
300
_a
118
630
_a
सखासोबती
730
_a
सखासोबती
942
_c
BOOK
999
_c
426353
_d
426350